Marxism and law (Record no. 393580)

MARC details
000 -LEADER
fixed length control field 00435nam a2200181 4500
005 - DATE & TIME
control field 20251014112702.0
008 - FIXED-LENGTH DATA ELEMENTS--GENERAL INFORMATION
fixed length control field 251014b |||||||| |||| 00| 0 eng d
020 ## - ISBN
International Standard Book Number 0192851446
Price £ 8.95
040 ## - CATALOGING SOURCE
Original cataloging agency VIVEKANANDA LIBRARY
082 ## - DDC NUMBER
Classification number 340.1
Book Number C693M
100 ## - MAIN ENTRY--PERSONAL NAME
Personal name Collins, Hugh
245 ## - TITLE STATEMENT
Title Marxism and law
260 ## - PUBLICATION, DISTRIBUTION, ETC. (IMPRINT)
Place of publication, distribution, etc Oxford
Name of publisher, distributor, etc Oxford University Press
Date of publication, distribution, etc 2001
300 ## - PHYSICAL DESCRIPTION
Pages viii, 159
650 ## - Subject
Subject Law
650 ## - Subject
Subject Marxism
942 ## - ADDED ENTRY ELEMENTS (KOHA)
Koha item type Books

No items available.

© Designed and Maintained by Vivekananda Library, MDU Rohtak